00325nam a2200109Ia 4500008004100000082002000041100003000061245004400091260005700135300000800192650001500200231019s9999 xx 000 0 und d a346.4106bSKA-G aSKANS Research Department 0aACCA Paper P1 Governance, Risk & Ethics aLahore, PakistanbSKANS Schools of Accountancyc2012 a253 aAccounting